[Event "Championship Moscow 2015 Seniors rapid"]
[Site "?"]
[Date "2015.11.29"]
[Round "5.2"]
[White "Bakhtin, Vladimir A."]
[Black "Hramtsov, Alexander"]
[Result "1/2-1/2"]
[BlackElo "2189"]
[WhiteElo "2250"]
[LiveChessVersion "1.4.6"]

1. d4 {[%clk 0:10:06]} d5 {[%clk 0:10:08]} 2. c4 {[%clk 0:10:09]} e6
{[%clk 0:10:11]} 3. Nf3 {[%clk 0:10:00]} c6 {[%clk 0:10:15]} 4. cxd5
{[%clk 0:09:29]} exd5 {[%clk 0:10:18]} 5. Nc3 {[%clk 0:09:31]} Bf5
{[%clk 0:10:18]} 6. Bf4 {[%clk 0:08:39]} Nd7 {[%clk 0:10:14]} 7. e3
{[%clk 0:08:37]} Ngf6 {[%clk 0:10:15]} 8. Bd3 {[%clk 0:06:59]} Bxd3
{[%clk 0:10:06]} 9. Qxd3 {[%clk 0:07:03]} Be7 {[%clk 0:10:09]} 10. O-O
{[%clk 0:07:02]} O-O {[%clk 0:10:11]} 11. h3 {[%clk 0:07:03]} Re8
{[%clk 0:10:13]} 12. Rab1 {[%clk 0:06:59]} Bf8 {[%clk 0:09:49]} 13. b4
{[%clk 0:06:51]} Ne4 {[%clk 0:09:39]} 14. Nd2 {[%clk 0:06:49]} Nxd2
{[%clk 0:09:34]} 15. Qxd2 {[%clk 0:06:53]} Nb6 {[%clk 0:09:31]} 16. b5
{[%clk 0:06:24]} Nc4 {[%clk 0:08:56]} 17. Qd3 {[%clk 0:06:25]} Bd6
{[%clk 0:08:16]} 18. bxc6 {[%clk 0:06:03]} bxc6 {[%clk 0:08:17]} 19. Bxd6
{[%clk 0:06:00]} Qxd6 {[%clk 0:08:20]} 20. e4 {[%clk 0:05:51]} Qg6
{[%clk 0:07:55]} 21. Qe2 {[%clk 0:04:07]} Na3 {[%clk 0:05:48]} 22. Rb3
{[%clk 0:04:04]} Nb5 {[%clk 0:05:19]} 23. Nxb5 {[%clk 0:03:42]} Rxe4
{[%clk 0:05:18]} 24. Qf3 {[%clk 0:03:17]} cxb5 {[%clk 0:05:18]} 25. Rxb5
{[%clk 0:03:21]} Qe6 {[%clk 0:04:58]} 26. Rfb1 {[%clk 0:03:17]} 1/2-1/2

[Event "Championship Moscow 2015 Seniors rapid"]
[Site "?"]
[Date "2015.11.29"]
[Round "5.3"]
[White "Balashov, Yuri S"]
[Black "Kuindzhy, Alexander"]
[Result "1-0"]
[BlackElo "2317"]
[WhiteElo "2385"]
[LiveChessVersion "1.4.6"]

1. e4 {[%clk 0:10:07]} c5 {[%clk 0:10:04]} 2. Nf3 {[%clk 0:10:10]} e6
{[%clk 0:10:07]} 3. d4 {[%clk 0:10:13]} cxd4 {[%clk 0:10:11]} 4. Nxd4
{[%clk 0:10:17]} Nc6 {[%clk 0:10:15]} 5. Nc3 {[%clk 0:10:20]} d6 {[%clk 0:10:10]}
6. Be3 {[%clk 0:10:22]} Nf6 {[%clk 0:10:12]} 7. f4 {[%clk 0:10:23]} Be7
{[%clk 0:10:10]} 8. Qf3 {[%clk 0:10:24]} O-O {[%clk 0:10:07]} 9. Be2
{[%clk 0:10:17]} Bd7 {[%clk 0:09:59]} 10. O-O-O {[%clk 0:10:06]} Nxd4
{[%clk 0:09:49]} 11. Bxd4 {[%clk 0:09:59]} Bc6 {[%clk 0:09:36]} 12. Qg3
{[%clk 0:09:30]} g6 {[%clk 0:09:15]} 13. Bf3 {[%clk 0:09:04]} Qa5
{[%clk 0:08:56]} 14. e5 {[%clk 0:08:56]} dxe5 {[%clk 0:08:12]} 15. fxe5
{[%clk 0:08:59]} Nd5 {[%clk 0:07:40]} 16. Bxd5 {[%clk 0:08:43]} Bxd5
{[%clk 0:07:39]} 17. Nxd5 {[%clk 0:08:18]} Qxd5 {[%clk 0:07:28]} 18. b3
{[%clk 0:08:16]} a5 {[%clk 0:06:52]} 19. Qf3 {[%clk 0:08:09]} Qxf3
{[%clk 0:06:38]} 20. gxf3 {[%clk 0:08:13]} b5 {[%clk 0:06:26]} 21. Be3
{[%clk 0:08:01]} a4 {[%clk 0:05:31]} 22. Kb2 {[%clk 0:07:52]} Rfc8
{[%clk 0:05:09]} 23. Rd7 {[%clk 0:07:49]} Bc5 {[%clk 0:05:07]} 24. Re1
{[%clk 0:07:39]} Bxe3 {[%clk 0:04:56]} 25. Rxe3 {[%clk 0:07:43]} Rc5
{[%clk 0:04:49]} 26. f4 {[%clk 0:07:36]} Rac8 {[%clk 0:04:27]} 27. c3
{[%clk 0:07:40]} Kg7 {[%clk 0:04:02]} 28. Rdd3 {[%clk 0:07:39]} b4
{[%clk 0:03:43]} 29. bxa4 {[%clk 0:07:24]} Rc4 {[%clk 0:03:23]} 30. Rf3
{[%clk 0:06:28]} bxc3+ {[%clk 0:02:57]} 31. Rxc3 {[%clk 0:06:32]} Rb8+
{[%clk 0:02:55]} 32. Ka3 {[%clk 0:06:22]} Re4 {[%clk 0:02:57]} 33. Rc5
{[%clk 0:06:23]} Rbb4 {[%clk 0:02:56]} 34. a5 {[%clk 0:06:25]} Ra4+
{[%clk 0:02:52]} 35. Kb3 {[%clk 0:06:13]} Reb4+ {[%clk 0:02:54]} 36. Kc3
{[%clk 0:06:14]} Rb1 {[%clk 0:02:48]} 37. Rf2 {[%clk 0:06:17]} Ra3+
{[%clk 0:02:45]} 38. Kd4 {[%clk 0:06:10]} Ra4+ {[%clk 0:02:41]} 39. Kc3
{[%clk 0:05:50]} Ra3+ {[%clk 0:02:35]} 40. Kc2 {[%clk 0:05:46]} Rb4
{[%clk 0:02:22]} 41. Kc1 {[%clk 0:05:48]} h5 {[%clk 0:02:09]} 42. Kd1
{[%clk 0:05:28]} h4 {[%clk 0:02:04]} 43. Kc1 {[%clk 0:04:58]} h3 {[%clk 0:02:01]}
44. Kd1 {[%clk 0:04:59]} Rb1+ {[%clk 0:01:55]} 45. Kc2 {[%clk 0:05:03]} Rxa2+
{[%clk 0:01:33]} 46. Kxb1 {[%clk 0:05:07]} Rxf2 {[%clk 0:01:36]} 47. a6
{[%clk 0:04:36]} Rxf4 {[%clk 0:01:39]} 48. Ra5 {[%clk 0:04:37]} Rb4+
{[%clk 0:01:41]} 49. Kc2 {[%clk 0:04:41]} Rb8 {[%clk 0:01:45]} 50. a7
{[%clk 0:04:35]} Ra8 {[%clk 0:01:48]} 51. Kd3 {[%clk 0:04:39]} g5
{[%clk 0:01:49]} 52. Ke4 {[%clk 0:04:39]} Kg6 {[%clk 0:01:51]} 53. Ra4
{[%clk 0:04:40]} Kh5 {[%clk 0:01:49]} 54. Kf3 {[%clk 0:04:44]} g4+
{[%clk 0:01:31]} 55. Kg3 {[%clk 0:04:47]} Kg5 {[%clk 0:01:26]} 56. Rxg4+
{[%clk 0:04:51]} Kf5 {[%clk 0:01:30]} 57. Rf4+ {[%clk 0:04:45]} Kxe5
{[%clk 0:01:29]} 58. Rxf7 {[%clk 0:04:49]} Kd4 {[%clk 0:01:26]} 59. Kxh3
{[%clk 0:04:48]} e5 {[%clk 0:01:30]} 60. Kg4 {[%clk 0:04:52]} e4 {[%clk 0:01:08]}
61. Kf4 {[%clk 0:04:56]} Kd5 {[%clk 0:01:05]} 62. h4 {[%clk 0:04:57]} Re8
{[%clk 0:00:57]} 63. Rd7+ {[%clk 0:04:49]} Kc6 {[%clk 0:00:53]} 64. Re7
{[%clk 0:04:52]} Rh8 {[%clk 0:00:52]} 65. h5 {[%clk 0:04:53]} Kd6
{[%clk 0:00:41]} 66. Rb7 {[%clk 0:04:56]} 1-0

[Event "Championship Moscow 2015 Seniors rapid"]
[Site "?"]
[Date "2015.11.29"]
[Round "5.4"]
[White "Tchernyi, Viktor"]
[Black "Zilbert, Oleg"]
[Result "1-0"]
[BlackElo "2357"]
[WhiteElo "2249"]
[LiveChessVersion "1.4.6"]

1. e4 {[%clk 0:07:05]} g6 {[%clk 0:10:13]} 2. d4 {[%clk 0:07:06]} Bg7
{[%clk 0:10:17]} 3. Nc3 {[%clk 0:07:09]} c6 {[%clk 0:10:15]} 4. f4
{[%clk 0:07:07]} d5 {[%clk 0:10:18]} 5. e5 {[%clk 0:07:03]} h5 {[%clk 0:10:22]}
6. Nf3 {[%clk 0:07:02]} Bg4 {[%clk 0:10:26]} 7. Be2 {[%clk 0:06:53]} Bxf3
{[%clk 0:10:14]} 8. Bxf3 {[%clk 0:06:56]} e6 {[%clk 0:10:19]} 9. Be3
{[%clk 0:06:43]} Ne7 {[%clk 0:10:23]} 10. g3 {[%clk 0:06:26]} Nf5
{[%clk 0:10:20]} 11. Bf2 {[%clk 0:06:28]} Qb6 {[%clk 0:10:20]} 12. Qd2
{[%clk 0:06:16]} Bf8 {[%clk 0:10:05]} 13. O-O-O {[%clk 0:05:52]} Nd7
{[%clk 0:09:53]} 14. h3 {[%clk 0:05:48]} c5 {[%clk 0:08:04]} 15. dxc5 Bxc5
{[%clk 0:07:57]} 16. Na4 {[%clk 0:04:33]} Qb5 {[%clk 0:07:47]} 17. Nxc5
{[%clk 0:04:28]} Nxc5 {[%clk 0:07:50]} 18. Bxd5 {[%clk 0:04:02]} O-O-O
{[%clk 0:07:33]} 19. Qc3 {[%clk 0:03:42]} b6 {[%clk 0:07:15]} 20. Bf3
{[%clk 0:03:05]} Kb8 {[%clk 0:07:03]} 21. b3 {[%clk 0:02:46]} Rc8
{[%clk 0:06:49]} 22. Bg2 {[%clk 0:02:26]} Ne7 {[%clk 0:06:04]} 23. Qf3
{[%clk 0:02:12]} Nc6 {[%clk 0:06:07]} 24. Rd6 {[%clk 0:02:07]} Kb7
{[%clk 0:05:36]} 25. a4 {[%clk 0:01:44]} Nxa4 {[%clk 0:05:24]} 26. bxa4
{[%clk 0:01:47]} Qxa4 {[%clk 0:05:28]} 27. Rxc6 {[%clk 0:01:17]} Qxc6
{[%clk 0:05:24]} 28. Qxc6+ {[%clk 0:01:20]} Rxc6 {[%clk 0:05:27]} 29. Rd1
{[%clk 0:01:21]} Kc7 {[%clk 0:05:31]} 30. Bxc6 Kxc6 {[%clk 0:05:35]} 31. c4
{[%clk 0:01:22]} Rc8 {[%clk 0:05:32]} 32. Kc2 {[%clk 0:01:25]} Rc7
{[%clk 0:05:25]} 33. Kb3 {[%clk 0:01:28]} Kb7 {[%clk 0:05:25]} 34. Kb4
{[%clk 0:01:29]} a6 {[%clk 0:05:24]} 35. Rd6 {[%clk 0:01:29]} b5 {[%clk 0:04:22]}
36. Rb6+ {[%clk 0:01:25]} Kc8 {[%clk 0:04:23]} 37. c5 {[%clk 0:01:27]} Rd7
{[%clk 0:04:23]} 38. Rd6 {[%clk 0:01:29]} Ra7 {[%clk 0:04:09]} 39. Ka5
{[%clk 0:01:26]} Kc7 {[%clk 0:04:08]} 40. c6 {[%clk 0:01:12]} 1-0

[Event "Championship Moscow 2015 Seniors rapid"]
[Site "?"]
[Date "2015.11.29"]
[Round "5.5"]
[White "Voevodin, Vladimir"]
[Black "Hait, Alexander"]
[Result "1-0"]
[BlackElo "2218"]
[WhiteElo "2323"]
[LiveChessVersion "1.4.6"]

1. e4 {[%clk 0:10:06]} d6 {[%clk 0:10:10]} 2. d4 {[%clk 0:10:09]} Nf6
{[%clk 0:10:14]} 3. Nc3 {[%clk 0:10:13]} g6 {[%clk 0:10:18]} 4. f4
{[%clk 0:10:16]} Bg7 {[%clk 0:10:23]} 5. e5 {[%clk 0:10:03]} Nfd7
{[%clk 0:10:26]} 6. Nf3 {[%clk 0:10:07]} c5 {[%clk 0:10:30]} 7. exd6
{[%clk 0:10:11]} O-O {[%clk 0:10:33]} 8. Be3 {[%clk 0:10:03]} exd6
{[%clk 0:10:37]} 9. Qd2 {[%clk 0:09:54]} Nc6 {[%clk 0:10:40]} 10. O-O-O
{[%clk 0:09:56]} Qa5 {[%clk 0:10:38]} 11. Kb1 {[%clk 0:09:47]} Nf6
{[%clk 0:10:39]} 12. Nb5 {[%clk 0:09:39]} Qxd2 {[%clk 0:10:20]} 13. Rxd2
{[%clk 0:09:23]} Ne4 {[%clk 0:10:20]} 14. Rd1 {[%clk 0:09:26]} Bg4
{[%clk 0:07:50]} 15. Bd3 {[%clk 0:08:16]} cxd4 {[%clk 0:07:24]} 16. Nbxd4
{[%clk 0:08:14]} Nxd4 {[%clk 0:05:19]} 17. Bxe4 {[%clk 0:07:47]} Nxf3
{[%clk 0:04:27]} 18. gxf3 {[%clk 0:07:47]} Rfe8 {[%clk 0:04:24]} 19. Bd4
{[%clk 0:06:52]} Rxe4 {[%clk 0:03:07]} 20. fxe4 {[%clk 0:06:54]} Bxd1
{[%clk 0:03:06]} 21. Rxd1 {[%clk 0:06:57]} Bxd4 {[%clk 0:03:10]} 22. Rxd4
{[%clk 0:07:01]} Re8 {[%clk 0:03:14]} 23. Kc1 {[%clk 0:06:59]} Re6
{[%clk 0:02:56]} 24. Kd2 {[%clk 0:06:58]} f5 {[%clk 0:02:35]} 25. exf5
{[%clk 0:06:53]} gxf5 {[%clk 0:02:39]} 26. Rd5 {[%clk 0:06:45]} Rf6
{[%clk 0:02:42]} 27. Rb5 {[%clk 0:06:31]} Rf7 {[%clk 0:02:25]} 28. Kd3
{[%clk 0:06:05]} Kg7 {[%clk 0:02:25]} 29. Kd4 {[%clk 0:06:06]} Kf6
{[%clk 0:01:54]} 30. Kd5 {[%clk 0:06:07]} Rd7 {[%clk 0:01:44]} 31. Rb3
{[%clk 0:06:09]} Rc7 {[%clk 0:01:26]} 32. c4 {[%clk 0:05:54]} Rc5+
{[%clk 0:01:26]} 33. Kd4 {[%clk 0:05:58]} b6 {[%clk 0:01:25]} 34. Rh3
{[%clk 0:05:57]} Kg6 {[%clk 0:01:12]} 35. b4 {[%clk 0:06:01]} Rc7
{[%clk 0:01:11]} 36. Kd5 {[%clk 0:05:57]} Re7 {[%clk 0:01:14]} 37. Kxd6
{[%clk 0:05:53]} Re4 {[%clk 0:01:19]} 38. Rc3 {[%clk 0:05:57]} Rxf4
{[%clk 0:01:10]} 39. c5 {[%clk 0:06:02]} bxc5 40. bxc5 {[%clk 0:06:06]} Rd4+
{[%clk 0:01:04]} 41. Ke6 {[%clk 0:06:08]} Re4+ {[%clk 0:00:51]} 42. Kd5
{[%clk 0:06:11]} Kf6 {[%clk 0:00:27]} 43. c6 {[%clk 0:06:11]} Re5+
{[%clk 0:00:24]} 44. Kd6 {[%clk 0:06:08]} Re6+ {[%clk 0:00:28]} 45. Kd7
{[%clk 0:06:12]} Re7+ {[%clk 0:00:30]} 46. Kd8 {[%clk 0:06:16]} Kf7
{[%clk 0:00:00]} 1-0

[Event "Championship Moscow 2015 Seniors rapid"]
[Site "?"]
[Date "2015.11.29"]
[Round "5.6"]
[White "Skorodumov, Vladimir"]
[Black "Shvedchikov, Anatoli I."]
[Result "0-1"]
[BlackElo "2293"]
[WhiteElo "2234"]
[LiveChessVersion "1.4.6"]

1. c4 {[%clk 0:10:09]} c5 {[%clk 0:10:03]} 2. Nf3 {[%clk 0:10:07]} Nf6
{[%clk 0:09:59]} 3. Nc3 {[%clk 0:10:05]} e6 {[%clk 0:10:02]} 4. g3
{[%clk 0:10:08]} b6 {[%clk 0:10:06]} 5. Bg2 {[%clk 0:10:12]} Bb7 {[%clk 0:10:10]}
6. O-O {[%clk 0:10:15]} Be7 {[%clk 0:10:14]} 7. d3 {[%clk 0:10:04]} O-O
{[%clk 0:10:15]} 8. e3 {[%clk 0:10:08]} d5 {[%clk 0:10:13]} 9. Qe2
{[%clk 0:10:12]} Nc6 {[%clk 0:09:59]} 10. b3 {[%clk 0:09:33]} Qd7
{[%clk 0:09:20]} 11. Bb2 {[%clk 0:09:35]} Rfd8 {[%clk 0:09:22]} 12. Rfd1
{[%clk 0:08:53]} Qc8 {[%clk 0:09:16]} 13. Rac1 {[%clk 0:08:43]} h6
{[%clk 0:09:01]} 14. cxd5 {[%clk 0:07:28]} exd5 {[%clk 0:09:04]} 15. d4
{[%clk 0:07:27]} Ba6 {[%clk 0:08:53]} 16. Qc2 {[%clk 0:06:59]} Qe6
{[%clk 0:08:25]} 17. dxc5 {[%clk 0:06:46]} bxc5 {[%clk 0:08:27]} 18. Na4
{[%clk 0:06:38]} Ne4 {[%clk 0:08:27]} 19. Qb1 {[%clk 0:06:05]} Bb5
{[%clk 0:08:06]} 20. Nc3 {[%clk 0:06:05]} Nxc3 {[%clk 0:08:09]} 21. Bxc3
{[%clk 0:06:04]} Rac8 {[%clk 0:08:05]} 22. Qb2 {[%clk 0:05:34]} Bf8
{[%clk 0:08:03]} 23. Rd2 {[%clk 0:04:34]} Rc7 {[%clk 0:07:30]} 24. Rcd1
{[%clk 0:03:52]} Rcd7 {[%clk 0:07:33]} 25. Ne5 {[%clk 0:03:03]} Nxe5 26. Bxe5
{[%clk 0:03:07]} d4 {[%clk 0:06:40]} 27. exd4 {[%clk 0:02:31]} cxd4
{[%clk 0:06:17]} 0-1

[Event "Championship Moscow 2015 Seniors rapid"]
[Site "?"]
[Date "2015.11.29"]
[Round "5.7"]
[White "Melnik, Sergey"]
[Black "Tsarev, Valery"]
[Result "1-0"]
[BlackElo "2270"]
[WhiteElo "2104"]
[LiveChessVersion "1.4.6"]

1. e4 c5 2. Nf3 d6 3. d4 cxd4 4. Nxd4 Nf6 5. Nc3 a6 6. h3 e6 7. g4 b5 8. g5 Nfd7
9. Bg2 Bb7 10. a4 b4 11. Nce2 Be7 12. h4 Nc5 13. Ng3 Nbd7 14. Be3 Ne5 15. Qe2 O-O
16. f4 Nc6 17. h5 Qc7 18. g6 fxg6 19. hxg6 h6 20. f5 d5 21. Nh5 Nxd4 22. Bxd4 e5
23. Be3 Nxe4 24. Bxe4 dxe4 25. Nxg7 Qd8 26. Ne6 Bh4+ 27. Bf2 Bxf2+ 28. Qxf2 e3
29. Qxe3 Qd5 30. Rxh6 Qe4 31. Qxe4 Bxe4 32. Nxf8 Rxf8 33. O-O-O Bxf5 34. Rdh1 Kg7
35. Rh7+ Kxg6 36. Rc7 Bg4 37. Rc6+ Kg5 38. Rxa6 e4 39. Kd2 Rf2+ 40. Ke3 Re2+ 41.
Kd4 Rxc2 42. Kxe4 Re2+ 43. Kd4 Rxb2 44. Ra5+ Kf4 45. Rf1+ Bf3 46. Ra7 Rd2+ 47.
Kc5 Ke3 48. Re7+ Be4 49. Re1+ Kd3 50. R7xe4 b3 51. R1e3+ Kc2 52. Rc4+ Kb2 53. Rb4
Rc2+ 54. Kb5 Rc3 55. Rxc3 Kxc3 56. a5 1-0

[Event "Championship Moscow 2015 Seniors rapid"]
[Site "?"]
[Date "2015.11.29"]
[Round "5.8"]
[White "Kolbanov, Veniamin M."]
[Black "Kremenietsky, Anatoly M."]
[Result "0-1"]
[BlackElo "2262"]
[WhiteElo "2124"]
[LiveChessVersion "1.4.6"]

1. Nf3 {[%clk 0:10:06]} Nf6 {[%clk 0:10:06]} 2. g3 {[%clk 0:10:02]} g6
{[%clk 0:09:54]} 3. c4 {[%clk 0:10:02]} Bg7 {[%clk 0:09:56]} 4. Bg2
{[%clk 0:10:06]} O-O {[%clk 0:09:45]} 5. Nc3 {[%clk 0:10:10]} d6 {[%clk 0:09:44]}
6. d4 {[%clk 0:10:13]} Nc6 {[%clk 0:09:47]} 7. O-O {[%clk 0:10:10]} e5
{[%clk 0:09:48]} 8. d5 {[%clk 0:08:31]} Ne7 {[%clk 0:09:09]} 9. e4
{[%clk 0:08:35]} Ne8 {[%clk 0:08:28]} 10. Ne1 {[%clk 0:08:23]} f5
{[%clk 0:08:30]} 11. Nd3 {[%clk 0:08:21]} Nf6 {[%clk 0:08:20]} 12. f3
{[%clk 0:08:20]} c6 {[%clk 0:07:35]} 13. h3 {[%clk 0:07:26]} b5 {[%clk 0:07:36]}
14. Be3 {[%clk 0:05:24]} bxc4 {[%clk 0:07:36]} 15. Nb4 {[%clk 0:05:26]} f4
{[%clk 0:06:48]} 16. gxf4 {[%clk 0:04:59]} exf4 {[%clk 0:06:50]} 17. Bf2
{[%clk 0:05:04]} Bb7 {[%clk 0:06:12]} 18. dxc6 {[%clk 0:02:36]} Nxc6
{[%clk 0:06:15]} 19. Nxc6 {[%clk 0:02:32]} Bxc6 {[%clk 0:06:18]} 20. Qe2
{[%clk 0:02:22]} Qc8 {[%clk 0:05:19]} 21. Rfd1 {[%clk 0:01:57]} Rd8
{[%clk 0:04:41]} 22. Rac1 {[%clk 0:01:06]} Be8 {[%clk 0:04:08]} 23. Bf1
{[%clk 0:00:38]} Bf7 {[%clk 0:04:09]} 24. Kh2 {[%clk 0:00:27]} Qb7
{[%clk 0:03:47]} 25. Bh4 {[%clk 0:00:23]} h6 {[%clk 0:03:41]} 26. Bxf6 Bxf6
{[%clk 0:03:45]} 27. Nd5 {[%clk 0:00:25]} Bxd5 {[%clk 0:03:22]} 28. Rxd5
{[%clk 0:00:27]} Rac8 {[%clk 0:03:03]} 29. Rxc4 {[%clk 0:00:24]} Rxc4
{[%clk 0:03:02]} 30. Qxc4 {[%clk 0:00:28]} Qxb2+ {[%clk 0:03:05]} 31. Rd2+
{[%clk 0:00:33]} d5 32. Rxb2 {[%clk 0:00:27]} dxc4 {[%clk 0:03:13]} 33. Bxc4+
{[%clk 0:00:32]} Kf8 {[%clk 0:03:06]} 34. Bd5 {[%clk 0:00:27]} Rd7
{[%clk 0:03:04]} 35. Rc2 {[%clk 0:00:26]} Bd4 {[%clk 0:03:00]} 36. h4
{[%clk 0:00:26]} Kg7 {[%clk 0:03:00]} 37. Rc6 {[%clk 0:00:27]} h5
{[%clk 0:03:01]} 38. a4 {[%clk 0:00:28]} Bf6 {[%clk 0:02:57]} 39. Kh3
{[%clk 0:00:26]} Bd4 {[%clk 0:03:00]} 40. a5 {[%clk 0:00:29]} Be5
{[%clk 0:02:57]} 41. Kg2 Rd8 {[%clk 0:03:03]} 42. Re6 {[%clk 0:00:16]} Bd6 43. a6
{[%clk 0:00:19]} Bf8 {[%clk 0:03:00]} 44. Kf1 {[%clk 0:00:12]} Rb8
{[%clk 0:03:04]} 45. Bb7 {[%clk 0:00:15]} Rd8 {[%clk 0:03:07]} 46. Ke2 Bb4 47.
Bd5 {[%clk 0:00:19]} Rd7 {[%clk 0:03:10]} 48. Kd3 {[%clk 0:00:19]} Be7
{[%clk 0:03:12]} 49. Kc4 {[%clk 0:00:21]} Bxh4 {[%clk 0:03:16]} 50. e5
{[%clk 0:00:25]} Re7 {[%clk 0:03:15]} 51. Rd6 {[%clk 0:00:14]} Rxe5
{[%clk 0:03:16]} 52. Be4 {[%clk 0:00:16]} Bf6 {[%clk 0:03:18]} 53. Rd7+
{[%clk 0:00:15]} Re7 {[%clk 0:03:22]} 54. Rb7 {[%clk 0:00:18]} h4
{[%clk 0:03:25]} 55. Rb1 {[%clk 0:00:15]} Rc7+ {[%clk 0:03:25]} 56. Kd5
{[%clk 0:00:16]} g5 {[%clk 0:03:22]} 57. Ke6 {[%clk 0:00:17]} Re7+
{[%clk 0:03:25]} 58. Kd6 {[%clk 0:00:19]} g4 {[%clk 0:03:27]} 59. Bd5
{[%clk 0:00:12]} g3 {[%clk 0:03:29]} 60. Be6 {[%clk 0:00:12]} Rxe6+
{[%clk 0:03:14]} 61. Kxe6 {[%clk 0:00:15]} h3 {[%clk 0:03:16]} 62. Rb7+
{[%clk 0:00:11]} Kg6 {[%clk 0:03:20]} 63. Rxa7 {[%clk 0:00:14]} g2
{[%clk 0:03:25]} 64. Ra8 {[%clk 0:00:19]} g1=Q {[%clk 0:03:19]} 65. Rg8+
{[%clk 0:00:21]} Bg7 {[%clk 0:03:22]} 0-1

[Event "Championship Moscow 2015 Seniors rapid"]
[Site "?"]
[Date "2015.11.29"]
[Round "5.9"]
[White "Bogumil, Pavel"]
[Black "Zavialov, Vladimir"]
[Result "1-0"]
[BlackElo "2046"]
[WhiteElo "2211"]
[LiveChessVersion "1.4.6"]

1. e4 c5 {[%clk 0:10:05]} 2. Nf3 {[%clk 0:10:05]} d6 {[%clk 0:10:05]} 3. Bb5+
{[%clk 0:10:05]} Nd7 {[%clk 0:10:05]} 4. c3 {[%clk 0:10:05]} a6 {[%clk 0:10:05]}
5. Ba4 {[%clk 0:10:05]} e6 {[%clk 0:10:05]} 6. d4 {[%clk 0:10:05]} b5
{[%clk 0:10:05]} 7. Bc2 {[%clk 0:10:05]} Qc7 {[%clk 0:10:05]} 8. O-O
{[%clk 0:10:05]} Ngf6 {[%clk 0:10:05]} 9. a4 {[%clk 0:10:05]} b4 {[%clk 0:10:05]}
10. h3 {[%clk 0:10:05]} Be7 {[%clk 0:09:53]} 11. Qe2 {[%clk 0:09:44]} e5
{[%clk 0:09:46]} 12. a5 {[%clk 0:08:38]} O-O {[%clk 0:09:44]} 13. Be3
{[%clk 0:08:12]} Bb7 {[%clk 0:09:42]} 14. d5 {[%clk 0:08:14]} bxc3
{[%clk 0:08:28]} 15. bxc3 {[%clk 0:08:05]} c4 {[%clk 0:08:06]} 16. Nfd2
{[%clk 0:07:22]} Rfc8 {[%clk 0:07:58]} 17. Ra4 {[%clk 0:06:25]} Nc5
{[%clk 0:07:38]} 18. Rb4 {[%clk 0:05:50]} Rab8 {[%clk 0:07:21]} 19. Nxc4
{[%clk 0:05:31]} Ncxe4 {[%clk 0:05:42]} 20. Bb6 {[%clk 0:04:34]} Nxc3
{[%clk 0:05:21]} 21. Nxc3 {[%clk 0:04:33]} Qd7 {[%clk 0:05:17]} 22. Rd1
{[%clk 0:04:09]} Bd8 {[%clk 0:05:20]} 23. Qf3 {[%clk 0:02:55]} Qe7
{[%clk 0:05:10]} 24. Bf5 {[%clk 0:02:38]} Nd7 {[%clk 0:04:34]} 25. Bxd7
{[%clk 0:02:26]} Qxd7 {[%clk 0:04:33]} 26. Ne4 {[%clk 0:02:23]} Be7
{[%clk 0:04:20]} 27. Ne3 {[%clk 0:02:10]} g6 {[%clk 0:04:15]} 28. Nf6+
{[%clk 0:02:11]} Bxf6 {[%clk 0:04:15]} 29. Qxf6 {[%clk 0:02:15]} Rf8
{[%clk 0:03:36]} 30. h4 {[%clk 0:02:03]} h5 {[%clk 0:03:14]} 31. g4
{[%clk 0:01:59]} hxg4 {[%clk 0:02:54]} 32. Rxg4 {[%clk 0:01:51]} Kh7
{[%clk 0:02:39]} 33. h5 {[%clk 0:01:45]} Rg8 {[%clk 0:02:36]} 34. hxg6+
{[%clk 0:01:44]} Rxg6 {[%clk 0:02:40]} 35. Rxg6 fxg6 {[%clk 0:02:43]} 36. Kg2
{[%clk 0:01:48]} Qg7 {[%clk 0:02:35]} 37. Rh1+ {[%clk 0:01:44]} Kg8
{[%clk 0:02:38]} 38. Qe6+ {[%clk 0:01:44]} Kf8 {[%clk 0:01:55]} 39. Qxd6+
{[%clk 0:01:46]} Kf7 {[%clk 0:01:56]} 40. Qxb8 {[%clk 0:01:46]} Kf6
{[%clk 0:01:56]} 41. Qd6+ {[%clk 0:01:42]} Kg5 {[%clk 0:01:58]} 42. Bd8+
{[%clk 0:01:42]} 1-0

[Event "Championship Moscow 2015 Seniors rapid"]
[Site "?"]
[Date "2015.11.29"]
[Round "5.10"]
[White "Frumson, Yury"]
[Black "Dragomarezkij, Evgeni"]
[Result "1-0"]
[BlackElo "2431"]
[WhiteElo "2049"]
[LiveChessVersion "1.4.6"]

1. Nf3 {[%clk 0:10:07]} c5 {[%clk 0:10:14]} 2. c4 {[%clk 0:10:11]} g6
{[%clk 0:10:18]} 3. g3 {[%clk 0:10:15]} Bg7 {[%clk 0:10:21]} 4. d4
{[%clk 0:10:18]} cxd4 {[%clk 0:10:25]} 5. Nxd4 {[%clk 0:10:22]} Nc6
{[%clk 0:09:54]} 6. Nc2 {[%clk 0:10:25]} d6 {[%clk 0:09:55]} 7. Bg2
{[%clk 0:10:29]} Be6 {[%clk 0:09:47]} 8. Ne3 {[%clk 0:10:32]} Qa5+
{[%clk 0:09:26]} 9. Bd2 {[%clk 0:10:19]} Qc5 {[%clk 0:08:34]} 10. Bc3
{[%clk 0:09:56]} Bxc3+ {[%clk 0:08:29]} 11. Nxc3 {[%clk 0:10:00]} Bxc4
{[%clk 0:08:13]} 12. Rc1 {[%clk 0:09:47]} Be6 {[%clk 0:08:11]} 13. O-O
{[%clk 0:08:57]} Qa5 {[%clk 0:07:50]} 14. Ncd5 {[%clk 0:08:27]} Qd8
{[%clk 0:06:58]} 15. b4 {[%clk 0:08:25]} Bxd5 {[%clk 0:06:06]} 16. Nxd5
{[%clk 0:08:28]} e6 {[%clk 0:05:54]} 17. b5 {[%clk 0:08:18]} exd5
{[%clk 0:05:50]} 18. bxc6 {[%clk 0:08:21]} bxc6 {[%clk 0:05:52]} 19. Rxc6
{[%clk 0:08:24]} Ne7 {[%clk 0:05:56]} 20. Bxd5 {[%clk 0:07:54]} Nxc6
{[%clk 0:05:53]} 21. Bxc6+ {[%clk 0:07:56]} Ke7 {[%clk 0:05:56]} 22. Bxa8
{[%clk 0:07:52]} Qxa8 {[%clk 0:06:01]} 23. Qd4 {[%clk 0:07:21]} h5
{[%clk 0:05:58]} 24. Rd1 {[%clk 0:07:10]} Rd8 {[%clk 0:05:56]} 25. Rd3
{[%clk 0:07:13]} Qb7 {[%clk 0:04:47]} 26. Re3+ {[%clk 0:06:51]} Kd7
{[%clk 0:04:50]} 27. Qf6 Qb1+ 28. Kg2 Qxa2 29. Re7+ 1-0